Teams that Beat Argentina in the FIFA World Cup - Statistics

General Stats
  • This quiz has been taken 104 times
  • The average score is 10 of 23
Answer Stats
Year Stage Score Team % Correct
2022 Group Stage 2-1 Saudi Arabia
99%
2014 Final 1-0 Germany
93%
2018 Round of 16 4-3 France
90%
2010 Quarterfinals 4-0 Germany
81%
2006 Quarterfinals 1-1(p) Germany
72%
2018 Group Stage 3-0 Croatia
67%
1930 Final 4-2 Uruguay
65%
1990 Final 1-0 West Germany
65%
2002 Group Stage 1-0 England
47%
1998 Quarterfinals 2-1 Netherlands
43%
1982 2nd Group Stage 3-1 Brazil
40%
1966 Quarterfinals 1-0 England
34%
1990 Group Stage 1-0 Cameroon
31%
1982 2nd Group Stage 2-1 Italy
31%
1994 Round of 16 3-2 Romania
30%
1978 Group Stage 1-0 Italy
25%
1994 Group Stage 2-0 Bulgaria
19%
1958 Group Stage 6-1 Czechoslovakia
14%
1958 Group Stage 3-1 West Germany
14%
1982 Group Stage 1-0 Belgium
12%
1974 Group Stage 3-2 Poland
11%
1962 Group Stage 2-1 England
8%
1934 Round of 16 3-2 Sweden
4%
No matching quizzes found
Score Distribution
Percent of People with Each Score
Percentile by Number Answered
Your Score History
You have not taken this quiz